000 00372nam a2200145Ia 4500
008 090124s9999 xx 000 0 und d
082 _b300836
245 _a बाजार
250 _a1
260 _b"मेंगजी अशोक,काकडे द.स."
_c1981
300 _a338
630 _a बाजार
730 _a बाजार
942 _cBOOK
999 _c190390
_d190390